00487pab a2200169 454500008004000000100001700040245007900057260000900136300001400145362001200159650003400171650004000205650002000245700001800265700001700283773001700300180718b2005 xxu||||| |||| 00| 0 eng d aPandey, B.N. aFoetal wastage and infant mortality in two tribal populations of Jharkhand c2005 ap.255-63. aJul-Dec aMortality - India - Jharkhand aChild mortality - India - Jharkhand aChild mortality aAmbasta, O.P. aVatsa, Sudhi aMan in India